<?xml version="1.0" encoding="UTF-8"?>
<record
    xmlns:xsi="http://www.w3.org/2001/XMLSchema-instance"
    xsi:schemaLocation="http://www.loc.gov/MARC21/slim http://www.loc.gov/standards/marcxml/schema/MARC21slim.xsd"
    xmlns="http://www.loc.gov/MARC21/slim">

  <leader>00609cam a22001692a 4500</leader>
  <controlfield tag="001">  000081</controlfield>
  <controlfield tag="003">  AR-FADEU</controlfield>
  <controlfield tag="008">  311216nMarz####xxu####################dd</controlfield>
  <datafield tag="100" ind1=" " ind2=" ">
    <subfield code="a">Naciones Unidas</subfield>
  </datafield>
  <datafield tag="245" ind1=" " ind2=" ">
    <subfield code="a">Informaci&#xF3;n pesentada de conformidad con la resoluci&#xF3;n 1159 (XLI) del consejo econ&#xF3;mico y social relativa a la cooperaci&#xF3;n con las organizaciones intergubernamentales regionales que se ocupan de Derechos Humanos</subfield>
  </datafield>
  <datafield tag="260" ind1=" " ind2=" ">
    <subfield code="b">Naciones Unidas</subfield>
  </datafield>
  <datafield tag="260" ind1=" " ind2=" ">
    <subfield code="a">Nueva York</subfield>
  </datafield>
  <datafield tag="260" ind1=" " ind2=" ">
    <subfield code="c">Marzo 1980</subfield>
  </datafield>
  <datafield tag="650" ind1=" " ind2=" ">
    <subfield code="a">DERECHOS HUMANOS</subfield>
  </datafield>
  <datafield tag="650" ind1=" " ind2=" ">
    <subfield code="a">ORGANIZACIONES INTERGUBERNAMENTALES</subfield>
  </datafield>
  <datafield tag="942" ind1=" " ind2=" ">
    <subfield code="c">FOLLETO</subfield>
  </datafield>
  <datafield tag="999" ind1=" " ind2=" ">
    <subfield code="c">948</subfield>
    <subfield code="d">948</subfield>
  </datafield>
  <datafield tag="952" ind1=" " ind2=" ">
    <subfield code="0">0</subfield>
    <subfield code="1">0</subfield>
    <subfield code="2">ddc</subfield>
    <subfield code="4">0</subfield>
    <subfield code="7">0</subfield>
    <subfield code="a">AR-FADEU</subfield>
    <subfield code="b">AR-FADEU</subfield>
    <subfield code="d">2017-02-06</subfield>
    <subfield code="i">F543(NU)</subfield>
    <subfield code="l">0</subfield>
    <subfield code="o">F543</subfield>
    <subfield code="p">F543(NU)</subfield>
    <subfield code="r">2017-02-06 00:00:00</subfield>
    <subfield code="w">2017-02-06</subfield>
    <subfield code="y">FOLLETO</subfield>
  </datafield>
</record>
